| 000 | 01321nam a22003377a 4500 | ||
|---|---|---|---|
| 003 | CHAP | ||
| 005 | 20220329143308.0 | ||
| 008 | 080307d2007 uk abd r 00110 eng d | ||
| 010 | _a94572 | ||
| 011 | _a95544 | ||
| 020 | _a9780415443180 | ||
| 035 | _a106170 | ||
| 040 | _cCHAP | ||
| 082 | 0 | 4 |
_a551.5 _bM25 |
| 100 | 1 |
_aMcInnes, R. _e, ed. _973602 |
|
| 245 | 1 | 0 |
_aLandslides and climate change : _bchallenges and solutions _c/ed. by R. McInnes [and others] |
| 260 |
_aLondon : _bTaylor & Francis, _c2007 |
||
| 300 |
_axiii, 514 p. : _bilus. ; gráfs. ; mapas ; tablas ; diagramas + 1 disco compacto de 4 3/4 plgs. |
||
| 582 | 8 | _aConsultar el disco en la pagina web de la BC | |
| 590 |
_aBATCH-UPD _b10 _c20130110 _lUCH01 _h0533 |
||
| 590 |
_aBATCH-UPD _b10 _c20130111 _lUCH01 _h0002 |
||
| 590 |
_aBATCH-UPD _b10 _c20130410 _lUCH01 _h0213 |
||
| 590 |
_aBATCH-UPD _b10 _c20130914 _lUCH01 _h0822 |
||
| 590 |
_aCONVERSION _b10 _c20130109 _lUCH01 _h1352 |
||
| 650 | 0 | 4 |
_aDeslizamiento de tierras. _932157 |
| 650 | 1 | 4 |
_aCambios climáticos. _917792 |
| 711 | 2 | 2 |
_aProceedings of the International Conference on Landslides and Climate Change, Ventor, Isle of Wight _d(2007 : _cIsle of Wight, UK) _991727 |
| 901 | _aBK | ||
| 942 | _cLIBRO | ||
| 949 |
_a551.5 M25 _bBC _cLIBRO _d33724002051082 _eLIBRO _gI.235644 _h109287 _i106170 _si _t$2189.45 |
||
| 999 |
_c94572 _d94572 |
||